00000000nam##2200000za#4500
0019.535505
003CaOODSP
00520200327080804
007ta
008150406|2001||||xxc|||||     f|0| 0 fre|d
020 |a0-660-61672-6
040 |aCaOODSP|bfre
041 |aeng
041 |afre
043 |an-cn---
0861 |aBT31-4/26-2001
1101 |aCanada. |bConseil du trésor.
24510|aSecrétariat des conférences intergouvernementales canadiennes
260 |aOttawa - Ontario : |bSecrétariat du Conseil du Trésor du Canada |c2001.
300 |aTexte français, 18p. : |bgraphiques, tableaux ; |c28 cm.
4901 |aRapport sur le rendement pour la période se terminant le 31 mars 2001
546 |aBilingue
563 |aCouverture souple
590 |a01-46|b2001-11-16
69107|aPrévisions budgétaires|2gcpds
69107|aRelations fédérales-provinciales|2gcpds
69107|aInstitution fédérale|2gcpds
7760#|tCanadian Intergovernmental Conference Secretariat, performance report for the period ending March 31, 2001 |w(CaOODSP)9.569151
7760#|tSecrétariat des conférences intergouvernementales canadiennes, rapport sur le rendement pour la période se terminant le 31 mars 2001 |w(CaOODSP)9.600389
791 |tCanadian Intergovernmental Conference Secretariat |eeng|w(CaOODSP)9.535504
830#0|aRapport sur le rendement pour la période se terminant le 31 mars 2001.|w(CaOODSP)9.508981